000 00730nas a2200229 4500
001 BR8203065
003 BR-BrBNA
005 20231205085204.0
007 ta
008 230509b bl.|||p| |||| 00| 00por d
040 _aBR-BrBNA
_bpor
_cBiblioteca Nacional de Agricultura
041 _a(Pt)
072 _aP05
100 1 _aSantos, O.L. dos
111 1 _a2. Congresso Brasileiro de Petroleo
_cRio de Janeiro, RJ (Brazil)
_dOct 1982
245 1 _aPanorama da producao de petroleo e gas natural no Brasil
650 _aGAS
650 _aPETROLEO
773 0 _tEnergia Fontes Alternativas (Brazil)
_xISSN 0100-6371
_g(Sep 1982), v. 4(22) p. 12-18
_wBR8203065
909 _a202311
_bLúcia
_c55
_dLúcia Elande
942 _2AGRIS
_n0
_cANA
999 _c109842
_d109842